| 000 | 00440nam a22001697a 4500 | ||
|---|---|---|---|
| 999 |
_c526116 _d526116 |
||
| 003 | NUST | ||
| 038 | _aWaseem | ||
| 082 |
_a891.4911 _bSAL |
||
| 100 |
_aSaleem, Kashar _917078 |
||
| 245 |
_aTatian Chanwan / _bSaleem Kashar |
||
| 260 |
_aLahore : _bHamid Jamil Printer, _c2002. |
||
| 300 | _a144 p. ; | ||
| 500 | _aHardcover. | ||
| 880 |
_6100-01\r _aسلیم کاشر |
||
| 880 |
_6245-02/r _aتتیاں چھانوں / |
||
| 942 |
_2ddc _cBK |
||